KOHA-Header-6

Human Resource Management (Record no. 13740)

000 -LEADER
fixed length control field 00316nam a22001337a 4500
020 ## - INTERNATIONAL STANDARD BOOK NUMBER
ISBN 9781352004021
082 ## - DEWEY DECIMAL CLASSIFICATION NUMBER
Classification number 658.3
100 ## - MAIN ENTRY--AUTHOR NAME
Personal name Ronan Carbery ; Christine Cross
245 ## - TITLE STATEMENT
Title Human Resource Management
250 ## - EDITION STATEMENT
Edition statement 2nd edition
260 ## - PUBLICATION, DISTRIBUTION, ETC. (IMPRINT)
Place of publication UK
Name of publisher Red Globe Press
Year of publication 2019
300 ## - PHYSICAL DESCRIPTION
Number of Pages xl, 329 pages
942 ## - ADDED ENTRY ELEMENTS (KOHA)
Koha item type Books
Holdings
Withdrawn status Lost status Collection code Permanent Location Current Location Shelving location Date acquired Full call number Accession Number Koha item type
    Management MAJU MAJU Shelf No.A-8 2023-03-20 658.3 10832 Books

Powered by Koha